000 00200 a2200097 4500
020 _a9780141371450
041 _aeng
100 _aRoald Dahl
245 _aThe GiraFfe and the Pelly and Me
942 _cBK
999 _c29001
_d28999